[Event "FRA-ch op-B"]
[Site "L'Alpe d'Huez"]
[Date "2023.08.25"]
[Round "7"]
[White "Petit, Eric Thierry"]
[Black "Melis, Achille"]
[Result "0-1"]
[WhiteElo "1915"]
[BlackElo "1935"]
[PlyCount "66"]
[EventDate "2023.08.19"]
[EventType "swiss"]
[EventRounds "9"]
[EventCountry "FRA"]
[SourceTitle "EXT 2024"]
[Source "ChessBase"]
[SourceDate "2023.10.10"]
[SourceVersion "1"]
[SourceVersionDate "2023.10.10"]
[SourceQuality "1"]

1. e4 c5 2. Nf3 d6 3. Bb5+ Bd7 4. Bxd7+ Qxd7 5. 0-0 Nc6 6. c3 Nf6 7. d4 cxd4 8. cxd4 d5 9. e5 Ne4 10. Nbd2 e6 11. Qe2 Nxd2 12. Bxd2 Be7 13. Rad1 0-0 14. Bg5 Rac8 15. h4 Rc7 16. h5 Bxg5 17. Nxg5 h6 18. Nf3 Rfc8 19. Nh2 Ne7 20. g4 Rc2 21. Qe3 Rxb2 22. Qf4 Rxa2 23. Rd3 Rac2 24. g5 hxg5 25. Qxg5 Nf5 26. Ng4 Kh7 27. Rh3 Qe7 28. Qf4 Re2 29. h6 Re4 30. hxg7+ Kxg7 31. Qf3 Qg5 32. Rg3 Rf4 33. Nf6 Nxg3 0-1

[Event "FRA-ch op-B"]
[Site "L'Alpe d'Huez"]
[Date "2023.08.21"]
[Round "3"]
[White "Deberle, Arman"]
[Black "Melis, Achille"]
[Result "1/2-1/2"]
[WhiteElo "1864"]
[BlackElo "1935"]
[PlyCount "98"]
[EventDate "2023.08.19"]
[EventType "swiss"]
[EventRounds "9"]
[EventCountry "FRA"]
[SourceTitle "EXT 2024"]
[Source "ChessBase"]
[SourceDate "2023.10.10"]
[SourceVersion "1"]
[SourceVersionDate "2023.10.10"]
[SourceQuality "1"]

1. e4 c5 2. Nc3 e6 3. Nge2 d6 4. g3 Nc6 5. Bg2 g6 6. d4 cxd4 7. Nxd4 a6 8. 0-0 Bg7 9. Be3 Nge7 10. Nxc6 bxc6 11. Qd3 0-0 12. Rad1 d5 13. Na4 a5 14. Qa3 Ba6 15. Rfe1 Bb5 16. Bc5 Re8 17. Nb6 Ra6 18. c4 Rxb6 19. Bxb6 Qxb6 20. cxb5 Qxb5 21. e5 c5 22. Bf1 Qb6 23. Rc1 Rc8 24. Rc2 Nf5 25. Rec1 Bf8 26. Rd2 c4 27. Qf3 Bh6 28. Rcd1 Bxd2 29. Rxd2 d4 30. g4 Ne7 31. Qe4 d3 32. a3 Nd5 33. h3 Qb5 34. Kh2 Ne7 35. Kg3 Qd5 36. Bg2 Rc5 37. f4 Nc6 38. Qe3 Qd4 39. Kf2 Qxe3+ 40. Kxe3 Kf8 41. Bxc6 Rxc6 42. Kd4 Ke7 43. Kc3 a4 44. g5 Kd7 45. Kb4 Kc7 46. Kb5 Kb7 47. Rd1 Rc7 48. Rd2 Rc8 49. Rd1 Rc7 1/2-1/2

[Event "FRA-ch op-B"]
[Site "Albi"]
[Date "2022.08.20"]
[Round "8"]
[White "Massardo, Quentin"]
[Black "Melis, Achille"]
[Result "1-0"]
[WhiteElo "1939"]
[BlackElo "1835"]
[PlyCount "82"]
[EventDate "2022.08.13"]
[EventType "swiss"]
[EventRounds "9"]
[EventCountry "FRA"]
[SourceTitle "CBM 210 Extra"]
[Source "ChessBase"]
[SourceDate "2022.11.30"]
[SourceVersion "1"]
[SourceVersionDate "2022.11.30"]
[SourceQuality "1"]

1. Nf3 d5 2. g3 Nf6 3. Bg2 Bf5 4. 0-0 e6 5. d4 Be7 6. c4 c6 7. Nc3 h6 8. Nd2 Nbd7 9. e4 dxe4 10. Ndxe4 Nxe4 11. Nxe4 0-0 12. Qb3 Qb6 13. Qxb6 Nxb6 14. b3 Bxe4 15. Bxe4 Bf6 16. Be3 Rfd8 17. Rad1 Rd7 18. Rd2 Rad8 19. Rfd1 Kf8 20. f4 Nc8 21. g4 Nd6 22. Bf3 g6 23. d5 cxd5 24. cxd5 b6 25. dxe6 fxe6 26. f5 gxf5 27. gxf5 Rg7+ 28. Kf1 Ke7 29. fxe6 Nf5 30. Bxh6 Rxd2 31. Bxd2 Kxe6 32. Bf4 Be5 33. Re1 Nh4 34. Bxe5 Rg1+ 35. Kxg1 Nxf3+ 36. Kf1 Nxe1 37. Kxe1 Kxe5 38. Kd2 b5 39. Kc3 a5 40. a4 bxa4 41. bxa4 Kd5 1-0